Wszystkie stacje i przystanki kolejowe w Polsce na mapie - Statystyki

Ogólne statystyki
  • Ten quiz został rozwiązany 29 razy
  • Średni wynik to 150 z 3067
Odpowiedzi na mapie
Odpowiedzi zakodowano w zielono-czerwonej skali na mapie do tego quizu, zgodnie z poniższymi procentami.
 
Statystyki odpowiedzi
Odpowiedź % Poprawnych
Hel
73%
Gdańsk Główny
68%
Jastarnia
64%
Warszawa Centralna
64%
Gdynia Główna
59%
Warszawa Zachodnia
59%
Kraków Główny
55%
Olsztyn Główny
55%
Sopot
55%
Szczecin Główny
55%
Tarnów
55%
Warszawa Wschodnia
55%
Władysławowo
55%
Jurata
50%
Katowice
50%
Koło
50%
Reda
50%
Rzeszów Główny
50%
Warszawa Główna
50%
Wrocław Główny
50%
Zakopane
50%
Białystok
45%
Lublin Główny
45%
Puck
45%
Rumia
45%
Tczew
45%
Wejherowo
45%
Gdańsk Oliwa
41%
Głogów
41%
Grodzisk Mazowiecki
41%
Kielce Główne
41%
Kraków Płaszów
41%
Pruszków
41%
Skierniewice
41%
Bochnia
36%
Częstochowa
36%
Gdańsk Wrzeszcz
36%
Gdynia Chylonia
36%
Gdynia Wzgórze Świętego Maksymiliana
36%
Gorzów Wielkopolski
36%
Jawor
36%
Koluszki
36%
Łeba
36%
Łódź Fabryczna
36%
Łódź Kaliska
36%
Opole Główne
36%
Poznań Główny
36%
Sędziszów
36%
Tłuszcz
36%
Ustka
36%
Warszawa Ochota
36%
Warszawa Stadion
36%
Zabrze
36%
Zawiercie
36%
Zielona Góra Główna
36%
Brzeg
32%
Bydgoszcz Główna
32%
Dąbrowa Górnicza
32%
Ełk
32%
Gdańsk Śródmieście
32%
Gliwice
32%
Kościan
32%
Łask
32%
Leszno
32%
Łódź Widzew
32%
Miechów
32%
Nowy Sącz
32%
Radom Główny
32%
Słupsk
32%
Suwałki
32%
Świnoujście
32%
Toruń Główny
32%
Warszawa Ursus
32%
Warszawa Ursus Niedźwiadek
32%
Władysławowo Port
32%
Włoszczowa
32%
Żyrardów
32%
Brzesko Okocim
27%
Bytom
27%
Dąbrowa Górnicza Ząbkowice
27%
Dęblin
27%
Gdańsk Orunia
27%
Gdańsk Politechnika
27%
Gdańsk Stocznia
27%
Grudziądz
27%
Iława Główna
27%
Kędzierzyn-Koźle
27%
Kołobrzeg
27%
Kościerzyna
27%
Kutno
27%
Łańcut
27%
Lubin
27%
Malbork
27%
Mielec
27%
Mińsk Mazowiecki
27%
Muszyna
27%
Mysłowice
27%
Nowy Targ
27%
Nysa
27%
Oława
27%
Opoczno
27%
Otwock
27%
Piotrków Trybunalski
27%
Płock
27%
Przemyśl Główny
27%
Pszczyna
27%
Rabka-Zdrój
27%
Rybnik
27%
Skarżysko-Kamienna
27%
Stalowa Wola
27%
Tarnowskie Góry
27%
Tychy
27%
Warszawa Praga
27%
Warszawa Śródmieście
27%
Warszawa Włochy
27%
Włoszczowa Północ
27%
Zamość
27%
Aleksandrów
23%
Białystok Zielone Wzgórza
23%
Bielsko-Biała Główna
23%
Chałupy
23%
Chełm
23%
Chorzów Batory
23%
Dębica
23%
Działdowo
23%
Gdańsk Matarnia
23%
Gdańsk Port Lotniczy
23%
Gdańsk Przymorze-Uniwersytet
23%
Gdynia Grabówek
23%
Gdynia Orłowo
23%
Giżycko
23%
Głogówek
23%
Gniezno
23%
Gryfice
23%
Gryfino
23%
Hajnówka
23%
Jasło
23%
Jaworzno Szczakowa
23%
Jeleń
23%
Jelenia Góra
23%
Kalisz
23%
Kalwaria Zebrzydowska
23%
Kartuzy
23%
Koszalin
23%
Kozłów
23%
Kraków Grzegórzki
23%
Kraków Lotnisko
23%
Krosno
23%
Krynica-Zdrój
23%
Krzeszowice
23%
Kudowa-Zdrój
23%
Lębork
23%
Legionowo
23%
Małkinia
23%
Nałęczów
23%
Olkusz
23%
Opoczno Południe
23%
Oświęcim
23%
Piastów
23%
Pisz
23%
Pruszcz Gdański
23%
Puławy
23%
Radzymin
23%
Rawicz
23%
Reda Pieleszewo
23%
Sanok
23%
Siedlce
23%
Skawina
23%
Sopot Wyścigi
23%
Sosnowiec Główny
23%
Sulejówek
23%
Tarnobrzeg
23%
Tomaszów Mazowiecki
23%
Trzebinia
23%
Wadowice
23%
Warszawa Powiśle
23%
Warszawa Rembertów
23%
Warszawa Służewiec
23%
Warszawa Wawer
23%
Warszawa Wola
23%
Wejherowo-Nanice
23%
Zduńska Wola
23%
Zgierz
23%
Żory
23%
Aleksandrów Kujawski
18%
Będzin Miasto
18%
Busko-Zdrój
18%
Bydgoszcz Leśna
18%
Chałupki
18%
Chojnice
18%
Chrzanów
18%
Ciechanów
18%
Cieszyn
18%
Częstochowa Stradom
18%
Elbląg
18%
Gdańsk Lipce
18%
Gdańsk Żabianka-AWFiS
18%
Gdynia Karwiny
18%
Gdynia Leszczynki
18%
Gdynia Redłowo
18%
Gdynia Stadion
18%
Gdynia Stocznia - Uniwersytet Morski
18%
Głuchołazy
18%
Grajewo
18%
Inowrocław
18%
Jarocin
18%
Jarosław
18%
Józefów
18%
Kalwaria Zebrzydowska Lanckorona
18%
Katowice Ligota
18%
Kłodzko Główne
18%
Kłodzko Miasto
18%
Kluczbork
18%
Koniecpol
18%
Konin
18%
Kostrzyn
18%
Kraków Mydlniki
18%
Kraków Nowa Huta
18%
Krzyż
18%
Kuźnica (Hel)
18%
Łapy
18%
Laskowice Pomorskie
18%
Leżajsk
18%
Łódź Chojny
18%
Łowicz Główny
18%
Lubliniec
18%
Łuków
18%
Międzyzdroje
18%
Mława
18%
Mrozy
18%
Namysłów
18%
Oborniki Śląskie
18%
Oleśnica
18%
Opole Groszowice
18%
Opole Grotowice
18%
Opole Wschodnie
18%
Opole Zachodnie
18%
Ostrołęka
18%
Ostrów Wielkopolski
18%
Ożarów Mazowiecki
18%
Pabianice
18%
Parzniew
18%
Pilawa
18%
Poronin
18%
Prudnik
18%
Przeworsk
18%
Pszczółki
18%
Racibórz
18%
Radomsko
18%
Ropczyce
18%
Ruda
18%
Ruda Śląska
18%
Rumia Janowo
18%
Rzepin
18%
Sieradz
18%
Sokółka
18%
Sól
18%
Sopot Kamienny Potok
18%
Stargard
18%
Starogard Gdański
18%
Stary Sącz
18%
Strzelce Opolskie
18%
Swarzędz
18%
Swarzewo
18%
Świdnik Miasto
18%
Święta Katarzyna
18%
Świnoujście Port
18%
Terespol
18%
Toruń Miasto
18%
Trakiszki
18%
Tunel
18%
Warka
18%
Warszawa Anin
18%
Warszawa Falenica
18%
Warszawa Gdańska
18%
Warszawa Gołąbki
18%
Warszawa Miedzeszyn
18%
Warszawa Ochota WKD
18%
Warszawa Okęcie
18%
Warszawa Powązki
18%
Warszawa Śródmieście WKD
18%
Warszawa Targówek
18%
Warszawa Ursus Północny
18%
Warszawa Wesoła
18%
Warszawa Wileńska
18%
Warszawa Wola Grzybowska
18%
Wejherowo Śmiechowo
18%
Wieliczka Rynek-Kopalnia
18%
Włocławek
18%
Września
18%
Żagań
18%
Zagórz
18%
Żary
18%
Zdzieszowice
18%
Zgorzelec
18%
Żywiec
18%
Andrychów
14%
Baby
14%
Bedoń
14%
Będzin Ksawera
14%
Biała Podlaska
14%
Błonie
14%
Braniewo
14%
Buk
14%
Bydgoszcz Wschód
14%
Bytom Karb
14%
Chabówka
14%
Charsznica
14%
Chorzów Miasto
14%
Ciechocinek
14%
Czachówek Południowy
14%
Czachówek Wschodni
14%
Czechowice-Dziedzice
14%
Czyżew
14%
Gdańsk Firoga
14%
Gdańsk Rębiechowo
14%
Gdynia Cisowa
14%
Gogolin
14%
Goleniów
14%
Góra Kalwaria
14%
Grodzisk Mazowiecki Radońska
14%
Halinów
14%
Hrubieszów Miasto
14%
Jastarnia Wczasy
14%
Jędrzejów
14%
Jelcz-Laskowice
14%
Kamień Pomorski
14%
Katowice Piotrowice
14%
Katowice Szopienice Południowe
14%
Kętrzyn
14%
Kielce Piaski
14%
Kobyłka
14%
Kolbuszowa
14%
Końskie
14%
Korsze
14%
Kraków Bieżanów
14%
Kraków Bonarka
14%
Kraków Bronowice
14%
Kraków Łobzów
14%
Kraków Olszanica
14%
Kraków Zabłocie
14%
Legnica
14%
Łódź Andrzejów
14%
Łódź Andrzejów Szosa
14%
Marcinków
14%
Mielno
14%
Mieszków
14%
Mikołów
14%
Milanów
14%
Milanówek
14%
Milicz
14%
Modlin
14%
Mogilno
14%
Mosty
14%
Mrzezino
14%
Myszków
14%
Nakło nad Notecią
14%
Nidzica
14%
Nisko
14%
Nowy Dwór Mazowiecki
14%
Olsztynek
14%
Otmuchów
14%
Otwock Świder
14%
Ozimek
14%
Paczków
14%
Pawłowice
14%
Piła Główna
14%
Piwniczna
14%
Pleszew
14%
Płońsk
14%
Podłęże
14%
Polanica-Zdrój
14%
Poznań Wschód
14%
Pyskowice
14%
Radom Północny
14%
Radom Wschodni
14%
Rogów
14%
Rybnik Towarowy
14%
Rydułtowy
14%
Sandomierz
14%
Słomniki
14%
Śniadowo
14%
Śniadowo-Stara Stacja
14%
Sobótka
14%
Sochaczew
14%
Solec Kujawski
14%
Sosnowiec Dańdówka
14%
Środa Śląska
14%
Stalowa Wola Rozwadów
14%
Sucha Beskidzka
14%
Sucha Beskidzka Zamek
14%
Suchedniów
14%
Sulechów
14%
Sulejówek Miłosna
14%
Świebodzin
14%
Świętochłowice
14%
Szepietowo
14%
Szklarska Poręba Górna
14%
Trzebnica
14%
Tychy Lodowisko
14%
Ustrzyki Dolne
14%
Warszawa Aleje Jerozolimskie
14%
Warszawa Grochów
14%
Warszawa Koło
14%
Warszawa Lotnisko Chopina
14%
Warszawa Młynów
14%
Warszawa Olszynka Grochowska
14%
Warszawa Raków
14%
Warszawa Reduta Ordona
14%
Warszawa Zachodnia WKD
14%
Warszawa Żerań
14%
Warszawa ZOO
14%
Wisła Głębce
14%
Wodzisław Śląski
14%
Wolbrom
14%
Wolin
14%
Wołomin
14%
Wrocław Mikołajów
14%
Wrocław Nadodrze
14%
Wyszków
14%
Ząbki
14%
Zbąszyń
14%
Zbąszynek
14%
Zduńska Wola Karsznice
14%
Zegrze Południowe
14%
Żelistrzewo
14%
Zielonka
14%
Żukowo
14%
Żukowo Wschodnie
14%
Zwierzyn
14%
Augustów
9%
Baranówka
9%
Bardo Śląskie
9%
Białogard
9%
Bielany Wrocławskie
9%
Bielawa Centralna
9%
Bielawa Zachodnia
9%
Bielin
9%
Bielsk Podlaski
9%
Bliżyn
9%
Boguchwała
9%
Bogumiłowice
9%
Bolesławiec
9%
Brodnica
9%
Brwinów
9%
Brzeg Dolny
9%
Bukowo
9%
Byczyna Kluczborska
9%
Bydgoszcz Bielawy
9%
Bydgoszcz Fordon
9%
Bydgoszcz Zachód
9%
Bystrzyca Kłodzka
9%
Celestynów
9%
Chojna
9%
Chorzów Stary
9%
Chorzów Uniwersytet
9%
Chróścina Opolska
9%
Chybie
9%
Cierpice
9%
Czeremcha
9%
Czersk
9%
Czerwionka
9%
Czerwionka Dębieńsko
9%
Częstochowa Raków
9%
Dąbrowa Górnicza Gołonóg
9%
Dąbrowa Górnicza Wschodnia
9%
Dąbrowa Niemodlińska
9%
Dębe Wielkie
9%
Duszniki-Zdrój
9%
Gałkówek
9%
Gdańsk Osowa
9%
Gdańsk Zaspa
9%
Głogów Małopolski
9%
Głowno
9%
Górki Śląskie
9%
Gorlice
9%
Gościcino Wejherowskie
9%
Gostynin
9%
Gubin
9%
Hrebenne
9%
Jaktorów
9%
Jastrząb
9%
Jaworzno Ciężkowice
9%
Jedlnia-Letnisko
9%
Jelcz Miłoszyce
9%
Jeleśnia
9%
Jordanów
9%
Kalisz Pomorski
9%
Kalisz Winiary
9%
Kamieniec Ząbkowicki
9%
Kamienna Góra
9%
Katowice Podlesie
9%
Katowice Zawodzie
9%
Kędzierzyn-Koźle Azoty
9%
Kielce Białogon
9%
Kielce Herbskie
9%
Kłobuck
9%
Knurów
9%
Kołobrzeg Ogrody
9%
Komorów
9%
Komprachcice
9%
Kozy
9%
Kraków Batowice
9%
Kraków Bieżanów Drożdżownia
9%
Kraków Łagiewniki
9%
Kraków Mydlniki Wapiennik
9%
Kraków Piastów
9%
Kraków Prokocim
9%
Kraków Przylasek
9%
Kraków Sanktuarium
9%
Kraków Złocień
9%
Kraśnik
9%
Krasnystaw Miasto
9%
Krośnice
9%
Krosno Miasto
9%
Krotoszyn
9%
Krzewina Zgorzelecka
9%
Krzyżanowice
9%
Kutno Azory
9%
Kuźnia Raciborska
9%
Kwidzyn
9%
Łąck
9%
Laliki
9%
Łapy Osse
9%
Łazy
9%
Lębork Mosty
9%
Łęczyca
9%
Leszczyny
9%
Lipki
9%
Łochów
9%
Łódź Marysin
9%
Łódź Olechów Wschód
9%
Łódź Pabianicka
9%
Łódź Żabieniec
9%
Łosiów
9%
Lubartów
9%
Lublin Zachodni
9%
Łuczyce
9%
Luzino
9%
Maków
9%
Maksymilianowo
9%
Medyka
9%
Miasteczko Śląskie
9%
Miastko
9%
Międzyborów
9%
Międzylesie
9%
Międzyrzecz
9%
Mielec Wolności
9%
Mieszkowice
9%
Mikołów Jamna
9%
Mońki
9%
Muszyna Zdrój
9%
Nasielsk
9%
Nędza
9%
Nędza Wieś
9%
Niedźwiedź
9%
Nowa Dęba
9%
Nowa Ruda
9%
Nowa Sól
9%
Nowa Wieś Wielka
9%
Nowy Bieruń
9%
Nowy Zagórz
9%
Oborniki Wielkopolskie
9%
Oleśnica Rataje
9%
Olesno Śląskie
9%
Olsztyn Śródmieście
9%
Olza
9%
Opole Czarnowąsy
9%
Orzesze
9%
Orzesze Jaśkowice
9%
Ostróda
9%
Ostrowy
9%
Ozorków
9%
Padew
9%
Pelplin
9%
Piaseczno
9%
Pionki
9%
Piwniczna-Zdrój
9%
Płoty
9%
Podkowa Leśna Główna
9%
Podkowa Leśna Zachodnia
9%
Pomiechówek
9%
Poniec
9%
Pruszków WKD
9%
Puławy Miasto
9%
Rabka Zaryte
9%
Radlin Obszary
9%
Radzionków
9%
Reda Rekowo
9%
Rejowiec
9%
Rogoźno Wielkopolskie
9%
Ruda Chebzie
9%
Rybnik Niedobczyce
9%
Rybnik Niewiadom
9%
Rybnik Paruszowiec
9%
Rybnik Piaski
9%
Rzeszów Staroniwa
9%
Rzeszów Zachodni
9%
Sędziszów Małopolski
9%
Siechnice
9%
Sierpc
9%
Sitkówka Nowiny
9%
Skarżysko Kościelne
9%
Skawina Jagielnia
9%
Sławków
9%
Sławno
9%
Słomniki Miasto
9%
Słupsk Północny
9%
Sosnowiec Jęzor Południowy
9%
Sosnowiec Kazimierz
9%
Sosnowiec Południowy
9%
Środa Wielkopolska
9%
Stalowa Wola Centrum
9%
Staniątki
9%
Starachowice
9%
Stróże
9%
Strumień
9%
Sumina
9%
Susz
9%
Świnoujście Centrum
9%
Szczecin Dąbie
9%
Szczecinek
9%
Szczejkowice
9%
Szczepanów
9%
Szczepanowice
9%
Szczytna
9%
Szczytno
9%
Szklarska Poręba Dolna
9%
Szydłów
9%
Toruń Kluczyki
9%
Toruń Wschodni
9%
Trawniki
9%
Tychy Żwaków
9%
Ustka Uroczysko
9%
Wałbrzych Główny
9%
Wałcz
9%
Warszawa Choszczówka
9%
Warszawa Międzylesie
9%
Warszawa Mokry Ług
9%
Warszawa Radość
9%
Warszawa Rakowiec
9%
Warszawa Salomea
9%
Warszawa Toruńska
9%
Warszawa Zacisze-Wilno
9%
Wieliszew
9%
Wieliszew Centrum
9%
Wieluń
9%
Wisła Uzdrowisko
9%
Wodzisław Śląski Centrum
9%
Wodzisław Śląski Radlin
9%
Wola Filipowska
9%
Wolsztyn
9%
Wrocław Brochów
9%
Wrocław Leśnica
9%
Wrocław Psie Pole
9%
Wrocław Sołtysowice
9%
Wrocław Zachodni
9%
Wyry
9%
Wyrzysk Osiek
9%
Zabierzów
9%
Ząbkowice Śląskie
9%
Żabno
9%
Zabrze Maciejów
9%
Zabrze Północne
9%
Żakowice
9%
Żakowice Południowe
9%
Zamość Starówka
9%
Zastów
9%
Zator
9%
Zator Park Rozrywki
9%
Żegiestów
9%
Żegiestów-Zdrój
9%
Zgierz Północ
9%
Żmigród
9%
Zwardoń
9%
Andrychów Górnica
5%
Babiak
5%
Balin
5%
Baranów Sandomierski
5%
Barłogi
5%
Barwałd Górny
5%
Barwałd Średni
5%
Bażanowice
5%
Bednary
5%
Bełchów
5%
Berezów
5%
Biadki
5%
Biadoliny
5%
Biała Piska
5%
Biały Kościół
5%
Białystok Fabryczny
5%
Białystok Nowe Miasto
5%
Bielawa Góry Sowie
5%
Bielawa Jezioro
5%
Bielsko-Biała Lipnik
5%
Bielsko-Biała Północ
5%
Bielsko-Biała Wschód
5%
Biłgoraj
5%
Biniew
5%
Blachownia
5%
Błaszki
5%
Błonie Rokitno
5%
Błotnica
5%
Błotnica Strzelecka
5%
Bobowa
5%
Bobowa-Miasto
5%
Bobrowniki
5%
Bobry
5%
Bodzechów
5%
Bogdaniec
5%
Boguszów-Gorce
5%
Boguszów-Gorce Wschód
5%
Boguszów-Gorce Zachód
5%
Bojanowo
5%
Boksycka
5%
Boronów
5%
Bożacin
5%
Boża Wola
5%
Bożepole Wielkie
5%
Brody Iłżeckie
5%
Brody Warszawskie
5%
Bronów
5%
Brzask
5%
Brzeszcze
5%
Brzezie
5%
Brzoza Bydgoska
5%
Brzoza Toruńska
5%
Budzyń
5%
Bukowno
5%
Bukowno Przymiarki
5%
Bydgoszcz Błonie
5%
Bydgoszcz Brdyujście
5%
Bydgoszcz Łęgnowo
5%
Bydgoszcz Osowa Góra
5%
Bydgoszcz Politechnika
5%
Bystra Podhalańska
5%
Bytnica
5%
Bytom Odrzański
5%
Bytom Stroszek
5%
Cegłów
5%
Chabówka Stadion
5%
Charnowo Słupskie
5%
Chełmek
5%
Chełm Miasto
5%
Chełmża
5%
Chmielniki Bydgoskie
5%
Chocicza
5%
Chorzele
5%
Chorzew Siemkowice
5%
Chotomów
5%
Chróścice
5%
Chrośnica
5%
Chruszczobród
5%
Chrzanów Śródmieście
5%
Chrząstowice / Chronstau
5%
Chwalibogowo
5%
Chynów
5%
Ciechanów Przemysłowy
5%
Ciecholub
5%
Cierpice Kąkol
5%
Cieszków
5%
Cieszyn Marklowice
5%
Cieszyn Uniwersytet
5%
Czachówek Górny
5%
Czarna Tarnowska
5%
Czarne
5%
Czarne Małe
5%
Czarniecka Góra
5%
Czechowice-Dziedzice Południowe
5%
Czechowice-Dziedzice Przystanek
5%
Czekanów
5%
Czeluścin
5%
Czempiń
5%
Czernica Wrocławska
5%
Czerniejewo
5%
Czeruchy
5%
Czerwieńsk
5%
Czerwonka
5%
Częstochowa Aniołów
5%
Częstochowa Gnaszyn
5%
Człuchów
5%
Dąbie koło Dębicy
5%
Dąbkowizna
5%
Dąbroszyn
5%
Dąbrowa Białostocka
5%
Dąbrowa Chełmińska
5%
Dąbrowa Górnicza Pogoria
5%
Dąbrowa Górnicza Sikorka
5%
Dąbrowa Górnicza Strzemieszyce
5%
Dąbrówka Zabłotnia
5%
Dalekie
5%
Damnica
5%
Daniszyn
5%
Darłowo
5%
Dęba Rozalin
5%
Dębica Wschodnia
5%
Deszczno
5%
Dobrzeń Wielki
5%
Domasław
5%
Drawsko Pomorskie
5%
Dulowa
5%
Dwikozy
5%
Dzięczyn
5%
Dziergowice
5%
Dzierżanów Wielkopolski
5%
Dzierżążno
5%
Dzierżoniów Śląski
5%
Dziwno
5%
Ełk Szyba Wschód
5%
Ełk Szyba Zachód
5%
Fosowskie
5%
Gąbin
5%
Gądków Wielki
5%
Gajówka
5%
Gałęzinowo
5%
Garbce
5%
Garczegorze
5%
Gąsawy Plebańskie
5%
Gąsocin
5%
Gdańsk Jasień
5%
Gdańsk Strzyża
5%
Gierwaty
5%
Glinnik
5%
Gliwice Łabędy
5%
Głogów Małopolski Niwa
5%
Głogów Małopolski Południowy
5%
Głuchów
5%
Głuszyca
5%
Głuszyca Górna
5%
Goczałków
5%
Goczałkowice
5%
Goczałkowice-Zdrój
5%
Gołańcz
5%
Goleszów
5%
Goleszów Górny
5%
Golina
5%
Gołotczyzna
5%
Górki Noteckie
5%
Gorlice Zagórzany
5%
Gorzów Wielkopolski Wieprzyce
5%
Gorzów Wielkopolski Wschodni
5%
Gorzów Wielkopolski Zieleniec
5%
Gorzupia
5%
Górzyca
5%
Gorzyca
5%
Grabiny
5%
Grabowno Wielkie
5%
Grabowo
5%
Gralewo
5%
Grodzisk Wielkopolski
5%
Grudziądz Mniszek
5%
Grudziądz Rządz
5%
Grybów
5%
Grzegorzewo
5%
Grzmiąca
5%
Henryków
5%
Herby Nowe
5%
Herby Stare
5%
Horyniec-Zdrój
5%
Iłowo
5%
Imbramowice
5%
Inowrocław Rąbinek
5%
Izbica
5%
Jabłonowo Pomorskie
5%
Jacków
5%
Jackowo Dworskie
5%
Jaksice
5%
Janówek
5%
Jarosty
5%
Jaroszowiec Olkuski
5%
Jarzębia Łąka
5%
Jasień Brzeski
5%
Jasionka Lotnisko
5%
Jastrowie
5%
Jastrowie Miasto
5%
Jastrząbka
5%
Jaworzyna Śląska
5%
Jełowa
5%
Jerzmanice Lubuskie
5%
Jesionka
5%
Jesionowiec
5%
Jezierzyce Słupskie
5%
Kaczkowo
5%
Kałęczyn
5%
Kalety
5%
Kalisz Szczypiorno
5%
Kały
5%
Kamieńczyce
5%
Karlino
5%
Karłowice
5%
Karpacz
5%
Karzec
5%
Kątne
5%
Katowice Załęże
5%
Kąty Wrocławskie
5%
Kędzierzyn-Koźle Przystanek
5%
Kędzierzyn-Koźle Zachodnie
5%
Kęty
5%
Kęty Podlesie
5%
Kije
5%
Kłaj
5%
Klembów
5%
Klimontów
5%
Kłodawa
5%
Kłodzko Książek
5%
Kłokowa
5%
Knyszyn
5%
Kobierzyce
5%
Kobiór
5%
Kobylec
5%
Kobylin
5%
Kobyłka Ossów
5%
Kochanówka Pustków
5%
Kokotów
5%
Kołbiel
5%
Kołobrzeg Amfiteatr
5%
Kolonowskie
5%
Komańcza
5%
Koniecpol Magdasz
5%
Konopki
5%
Kornelin
5%
Korwinów
5%
Korzeńsko
5%
Kosów
5%
Kostomłoty
5%
Koszęcin
5%
Kotlin
5%
Kotórz Mały
5%
Kotuń
5%
Kowalewo Pomorskie
5%
Kowalew Plac Zabaw
5%
Kowalów
5%
Kozłowo
5%
Koźmin Wielkopolski
5%
Kozy Zagroda
5%
Kraków Opatkowice
5%
Kraków Podgórze
5%
Kraków Sidzina
5%
Kraków Swoszowice
5%
Kramsk
5%
Krasiejów
5%
Krasnystaw Fabryczny
5%
Krobia
5%
Krośnice Mazowieckie
5%
Krosno Odrzańskie
5%
Krusze
5%
Krzewie
5%
Krzyżowa
5%
Kuklinów
5%
Kunów
5%
Kurpie
5%
Kuźnica Białostocka
5%
Łączna
5%
Łąg
5%
Łagiewniki
5%
Łąkociny
5%
Lasek
5%
Łaskarzew
5%
Lasów
5%
Łaziska Górne
5%
Łaziska Górne Brada
5%
Łaziska Średnie
5%
Legionowo Piaski
5%
Legionowo Przystanek
5%
Legnica Piekary
5%
Leosia
5%
Leszczydół
5%
Lewin Brzeski
5%
Lipno
5%
Lipowe Pole
5%
Lisów
5%
Łobez
5%
Łodygowice
5%
Łodygowice Górne
5%
Łódź Dąbrowa
5%
Łódź Olechów Zachód
5%
Łódź Radogoszcz Wschód
5%
Łódź Radogoszcz Zachód
5%
Łódź Warszawska
5%
Łomnica
5%
Łomnica-Zdrój
5%
Lubań Śląski
5%
Lubawka
5%
Lubin Stadion
5%
Lublin AIRPORT
5%
Lublin Północny
5%
Lublin Zadębie
5%
Lublin Zemborzyce
5%
Lubnia
5%
Luboń koło Poznania
5%
Lucynów
5%
Łupków
5%
Łupowo
5%
Mąkoszyce
5%
Maków Podhalański
5%
Małaszewicze
5%
Malichy
5%
Masłońskie Natalin
5%
Męcka Wola
5%
Medyka Rozrządowa
5%
Medyka Towarowa
5%
Miasteczko Śląskie Centrum
5%
Michalin
5%
Michałów-Reginów
5%
Międzybórz Sycowski
5%
Miękinia
5%
Mielec Południowy
5%
Mierzęcice
5%
Mietków
5%
Mikołajki Pomorskie
5%
Milik
5%
Miłobądz
5%
Miłosław
5%
Milówka
5%
Milówka Zabawa
5%
Mińsk Mazowiecki Anielina
5%
Mława Miasto
5%
Młodów
5%
Mokronos Górny
5%
Mordy
5%
Mościsko Dzierżoniowskie
5%
Mosina
5%
Mostówka
5%
Motycz
5%
Mysłowice Brzęczkowice
5%
Myszków Mrzygłód
5%
Myszków Nowa Wieś
5%
Myszków Światowit
5%
Narzym
5%
Niemcza
5%
Nieporęt
5%
Nowa Iwiczna
5%
Nowa Ruda Przedmieście
5%
Nowa Sucha
5%
Nowa Wieś Kościelna
5%
Nowa Wieś Warszawska
5%
Nowe Drezdenko
5%
Nowe Skalmierzyce
5%
Nowiny
5%
Nowiny Wielkie
5%
Nowy Łupków
5%
Nowy Sącz Dąbrówka
5%
Nowy Tomyśl
5%
Oborniki Wielkopolskie Miasto
5%
Obra Stara
5%
Ociąż
5%
Odolanów
5%
Okonek
5%
Olszanka
5%
Olszewka
5%
Olsztyn Dajtki
5%
Olsztyn Zachodni
5%
Opacz
5%
Opatówek
5%
Opole Borki
5%
Opole Chmielowice
5%
Opole Gosławice
5%
Orzechowo
5%
Orzesze Miasto
5%
Osie
5%
Osola
5%
Osowiec
5%
Ostromecko
5%
Ostrowiec Świętokrzyski
5%
Ostrów Wielkopolski Gorzyce
5%
Ostrzeszów
5%
Otwock Śródborów
5%
Parciaki
5%
Pawłówek
5%
Pawłowice Śląskie Centrum
5%
Pawonków
5%
Pępowo
5%
Piasecznica
5%
Piasek
5%
Piekoszów
5%
Pierściec
5%
Piława Górna
5%
Pionki Zachodnie
5%
Piotrków Kujawski
5%
Pleszew Lipowa
5%
Pleszew Miasto
5%
Pliszka
5%
Płochocin
5%
Pludry
5%
Płyćwia
5%
Podkowa Leśna Wschodnia
5%
Pogwizdów
5%
Popielów
5%
Poraj
5%
Poręba
5%
Poronin Misiagi
5%
Potęgowo
5%
Poznań Garbary
5%
Prabuty
5%
Prostki
5%
Prostyń
5%
Prostynia
5%
Pruchna
5%
Przecza
5%
Przedmoście Święte
5%
Przemyśl Zasanie
5%
Przerzeczyn Zdrój
5%
Przetycz
5%
Przysucha
5%
Przyszowice
5%
Przytkowice
5%
Pszenno
5%
Ptaszkowa
5%
Puławy Azoty
5%
Pustynia
5%
Puszczykówko
5%
Puszczykowo
5%
Pyrzowice Lotnisko
5%
Raba Wyżna
5%
Racibórz Markowice
5%
Radliczyce
5%
Radlin Wielkopolski
5%
Radom Gołębiów
5%
Radom Potkanów
5%
Radymno
5%
Radzice
5%
Radziechowy Wieprz
5%
Radzionków Rojca
5%
Radziwiłłów Mazowiecki
5%
Radzyń Podlaski
5%
Raszowa
5%
Raszujka
5%
Reguły
5%
Rewal
5%
Rogalice
5%
Rogoźnica
5%
Rogoźnica koło Rzeszowa
5%
Rokiciny
5%
Rozprza
5%
Różyny
5%
Rudna Wielka
5%
Rudy
5%
Rudyszwałd
5%
Rudziniec Gliwicki
5%
Rybienko
5%
Rybnica
5%
Rybnik Rymer
5%
Rydzyna
5%
Ryki
5%
Rynkowo Wiadukt
5%
Rypin
5%
Rytro
5%
Rzeczyce Śląskie
5%
Rzeszów Baranówka
5%
Rzeszów Centrum
5%
Rzeszów Dworzysko
5%
Rzeszów Miłocin
5%
Rzochów
5%
Sanok Miasto
5%
Santok
5%
Ścinawa
5%
Sędzice
5%
Serock
5%
Seroki
5%
Siedliska
5%
Siemiatycze
5%
Sieradz Męka
5%
Sieradz Warta
5%
Siewierz
5%
Siódmak
5%
Skarżysko Milica
5%
Skarżysko Zachodnie
5%
Skawa
5%
Skawa Środkowa
5%
Skierniewice Rawka
5%
Skoczów
5%
Skoczów Bajerki
5%
Skokowa
5%
Skwierzyna
5%
Słotwiny
5%
Słubice
5%
Smętowo
5%
Sobótka Zachodnia
5%
Solec Wielkopolski
5%
Sól Kiczora
5%
Sosnowe
5%
Sosnowiec Porąbka
5%
Spała
5%
Spychowo
5%
Stalowa Wola Południe
5%
Stanisławice
5%
Staniszcze Małe
5%
Stąporków
5%
Starachowice Michałów
5%
Starachowice Wschodnie
5%
Stara Wieś
5%
Stare Juchy
5%
Staw Kunowski
5%
Stawno
5%
Sterkowiec
5%
Strzebielino Morskie
5%
Strzebiń
5%
Strzegom
5%
Strzelin
5%
Strzyżów nad Wisłokiem
5%
Studzianki Nowe
5%
Stupsk Mazowiecki
5%
Styków Iłżecki
5%
Sucha Żyrardowska
5%
Suchedniów Północny
5%
Sumina Wieś
5%
Świdnica Miasto
5%
Świdnica Przedmieście
5%
Świdnik Wschód
5%
Świdwin
5%
Świebodzice
5%
Świeradów-Zdrój
5%
Świercze
5%
Świnoujście Warszów
5%
Szaflary
5%
Szczebrzeszyn
5%
Szczecinek Bugno
5%
Szczecinek Chyże
5%
Szczecin Łasztownia
5%
Szczecin Port Centralny
5%
Szklarska Poręba Średnia
5%
Sztum
5%
Szydłowiec
5%
Szymany
5%
Szymany Lotnisko
5%
Taciszów
5%
Taczanów
5%
Tarchały Wielkie
5%
Targowiska
5%
Tarnów Mościce
5%
Teresin Niepokalanów
5%
Topola-Osiedle
5%
Topór
5%
Trablice
5%
Trzcianka
5%
Trzciniec
5%
Trzebiatów
5%
Tuchola
5%
Tuchów
5%
Tułowice
5%
Tuły
5%
Tumlin
5%
Turów
5%
Turowo Pomorskie
5%
Tworki
5%
Tworków
5%
Tychowo
5%
Tychy Aleja Bielska
5%
Tychy Grota Roweckiego
5%
Uherce
5%
Unisław Pomorski
5%
Ustroń
5%
Ustroń Polana
5%
Ustroń Zdrój
5%
Wąchock
5%
Wągrowiec
5%
Wałbrzych Centrum
5%
Wałbrzych Miasto
5%
Wałbrzych Szczawienko
5%
Wałki
5%
Warszawa Aleje Jerozolimskie WKD
5%
Warszawa Dawidy
5%
Warszawa Gocławek
5%
Warszawa Jeziorki
5%
Warszawa Płudy
5%
Warszawa Żwirki i Wigury
5%
Warszowice
5%
Węgliniec
5%
Węgry
5%
Węgrzce Wielkie
5%
Werbkowice
5%
Werchrata
5%
Wielbark
5%
Wieliczka Bogucice
5%
Wieliczka Park
5%
Wieluń Dąbrowa
5%
Wieniawa
5%
Wierchomla Wielka
5%
Wierzchowice
5%
Wierzchucin
5%
Wiesiółka
5%
Wilkowice
5%
Wilkowice Bystra
5%
Wilków Wielki
5%
Wiry
5%
Wisła Jawornik
5%
Wisła Kopydło
5%
Witanów
5%
Witaszyce
5%
Witnica
5%
Włodawa
5%
Włoszczowice
5%
Wojsław
5%
Wola Lipieniecka
5%
Wola Rzędzińska
5%
Wołczyn
5%
Wolenice
5%
Wolica
5%
Wólka
5%
Wólka Plebańska
5%
Wołomin Słoneczna
5%
Wołów
5%
Wrocław Grabiszyn
5%
Wrocław Kuźniki
5%
Wrocław Muchobór
5%
Wrocław Nowy Dwór
5%
Wrocław Partynice
5%
Wrocław Pawłowice
5%
Wrocław Popowice
5%
Wrocław Pracze
5%
Wrocław Różanka
5%
Wrocław Stadion
5%
Wrocław Strachocin
5%
Wrocław Świniary
5%
Wrocław Swojczyce
5%
Wrocław Szczepin
5%
Wrocław Wojnów
5%
Wrocław Wojnów Wschodni
5%
Wrocław Zakrzów
5%
Wrocław Żerniki
5%
Wschowa
5%
Wydminy
5%
Wysoka Kamieńska
5%
Wyszyny
5%
Zabiele
5%
Zabiele Wielkie
5%
Zabierzów Rząska
5%
Zabrzeg
5%
Zabrzeg Czarnolesie
5%
Zaczernie
5%
Zagnańsk
5%
Zakrzów Sarnowo
5%
Zamość Wschód
5%
Żarki-Letnisko
5%
Żarów
5%
Zarzecze
5%
Zasieki
5%
Zawada
5%
Zawadzkie
5%
Zawiercie Borowe Pole
5%
Zduńska Wola Południowa
5%
Zduny
5%
Zębice Wrocławskie
5%
Zebrzydowice
5%
Żerków
5%
Zgierz Kontrewers
5%
Zgorzelec Miasto
5%
Ziębice
5%
Zielonka Bankowa
5%
Złotniki
5%
Złotniki Kujawskie
5%
Złotów
5%
Zwierzyniec
5%
Żychlin
5%
Żydowo
5%
Żywiec Sporysz
5%
Adamowo
0%
Andrzejówka
0%
Anieliny
0%
Antonin
0%
Antoniów
0%
Antoniówka
0%
Arcelin
0%
Augustówka
0%
Augustów Port
0%
Babica
0%
Babica Kolonia
0%
Babimost
0%
Baborówko
0%
Baboszewo
0%
Bachórz
0%
Baciuty
0%
Bajtkowo
0%
Bąków
0%
Bąkowiec
0%
Balinka
0%
Bańska Niżna
0%
Barchów
0%
Barcice
0%
Barcząca
0%
Barczewo
0%
Bardo Przyłęk
0%
Bartąg
0%
Bartnica
0%
Bartodzieje
0%
Barzkowice
0%
Baszewice
0%
Basznia
0%
Basznia Dolna
0%
Batowice Lubańskie
0%
Będów
0%
Będziemyśl
0%
Będzino
0%
Będźmierowice
0%
Belęcin Wielkopolski
0%
Bełsznica
0%
Bełżec
0%
Bełżec Drugi
0%
Berejów
0%
Besko
0%
Bezwola
0%
Biała Górna
0%
Biała Pilska
0%
Biała Podlaska Wschodnia
0%
Biała Szlachecka
0%
Białki Siedleckie
0%
Białośliwie
0%
Białuń
0%
Biały Bór
0%
Biały Dunajec
0%
Białystok Bacieczki
0%
Białystok Stadion
0%
Białystok Starosielce
0%
Biały Zdrój Południowy
0%
Biecz
0%
Bieczyno Pomorskie
0%
Bieliny Opoczyńskie
0%
Bielsko-Biała Komorowice
0%
Bielsko-Biała Leszczyny
0%
Bielsko-Biała Mikuszowice
0%
Bieniów
0%
Bierawa
0%
Bierkowice
0%
Biernatowo
0%
Bierutów
0%
Bierzwnik
0%
Biesal
0%
Biesowice
0%
Bińcze
0%
Biskupice
0%
Biskupice koło Kluczborka
0%
Biskupice Oławskie
0%
Biskupice Wielkopolskie
0%
Biskupiec Pomorski
0%
Biskupnica
0%
Błądzim
0%
Błażkowa
0%
Blizna
0%
Bobowicko
0%
Bobrówka
0%
Bobrowo Pomorskie
0%
Boczów
0%
Bogaczewo
0%
Bogaczów
0%
Bogdanowo
0%
Bogoniowice Ciężkowice
0%
Boguchwała Dolna
0%
Boguszewo
0%
Boguszów-Gorce Dzikowiec
0%
Bojary
0%
Bolechowo
0%
Bolesławice Świdnickie
0%
Boleszewo
0%
Boleszkowice
0%
Boreczek
0%
Borki-Kosy
0%
Borkowice
0%
Borkowo
0%
Borowa Oleśnicka
0%
Borowiki
0%
Borowina
0%
Borsukówka
0%
Borszewice
0%
Borucice
0%
Boszkowo
0%
Brachlewo
0%
Bratków
0%
Bratoszewice
0%
Brochocin Trzebnicki
0%
Brochów
0%
Brokęcino
0%
Brusy
0%
Brzeg Głogowski
0%
Brzeszcze Jawiszowice
0%
Brzezinka Średzka
0%
Brzeziny
0%
Brzeźnica
0%
Brzeźnica Bychawska
0%
Brzeźno Człuchowskie
0%
Brzóstowa
0%
Brzózki
0%
Brzozowica
0%
Brzozowiec Gorzowski
0%
Brzustów
0%
Buchałów
0%
Budachów
0%
Budki Nowe
0%
Budy Głogowskie
0%
Budziszowice
0%
Bujaki
0%
Bukowa
0%
Bukowice Trzebnickie
0%
Bukowiec Międzyrzecki
0%
Bukowina Sycowska
0%
Bukowo Człuchowskie
0%
Bukwałd
0%
Bulowice
0%
Burkat
0%
Burkatów
0%
Bursztynowo
0%
Bystrzyca Górna
0%
Bystrzyca Kłodzka Przedmieście
0%
Bystrzyca koło Lublina
0%
Bytonia
0%
Bzowiec
0%
Cekcyn
0%
Cerkiewnik
0%
Chechło
0%
Chełm Cementownia
0%
Chełmek Wołowski
0%
Chełm Śląski
0%
Chludowo
0%
Chmielów Zagumnie
0%
Chocianów
0%
Chociszew
0%
Chociszewo Rogoziniec
0%
Chociwel
0%
Chociw Łaski
0%
Chocznia
0%
Chocznia Górna
0%
Chodaków
0%
Chodzież
0%
Chojnik
0%
Chojnów
0%
Chorzelów
0%
Chorzelów Południowy
0%
Choszczno
0%
Chotyłów
0%
Chronów
0%
Chróścina Nyska
0%
Chrosna
0%
Chróstnik
0%
Chrusty Nowe
0%
Chrząstawa Mała
0%
Chrząstowice Olkuskie
0%
Chrzęsne
0%
Chybie Mnich
0%
Chytra
0%
Ciasna
0%
Ciechanowice
0%
Ciecierzyn
0%
Cięcina
0%
Cięcina Dolna
0%
Cieksyn
0%
Cienin
0%
Cienin Kościelny
0%
Cieplewo
0%
Cierpigórz
0%
Cieszyno Łobeskie
0%
Cikowice
0%
Cisie
0%
Cisiec
0%
Ćmielów
0%
Cmolas
0%
Cybowo
0%
Cygany
0%
Cykarzew Północny
0%
Czaplinek
0%
Czarlin
0%
Czarna Białostocka
0%
Czarna Woda
0%
Czarnca
0%
Czarnobór
0%
Czarnowęsy Pomorskie
0%
Czarny Blok
0%
Czaszyn
0%
Czechowizna
0%
Czepino
0%
Czermno
0%
Czerna
0%
Czerna Mała
0%
Czerniewice
0%
Czernikowo
0%
Czersk Świecki
0%
Czerwonak
0%
Czerwonak Osiedle
0%
Czeska Wieś
0%
Czesławice
0%
Czudec
0%
Czuprynowo
0%
Czyżowice
0%
Dąbrowa Chełmińska Centrum
0%
Dąbrowa Górnicza Południowa
0%
Dąbrowa-Łazy
0%
Dąbrowa Oleśnicka
0%
Dąbrowice Skierniewickie
0%
Dąbrówka Jezioro Mucharskie
0%
Dąbrówka Malborska
0%
Dąbrówka Wielkopolska
0%
Dąbrowy
0%
Dalanówek
0%
Dalęcino
0%
Daleszewo
0%
Dankowice
0%
Daszewo
0%
Dęba Opoczyńska
0%
Dębska Kuźnia / Dembiohammer
0%
Dębska Wola
0%
Długie
0%
Długi Kąt
0%
Długołęka
0%
Długopole-Zdrój
0%
Dobczyn
0%
Dobiegniew
0%
Dobieszyn
0%
Dobino Wałeckie
0%
Doboszowice
0%
Dobre Miasto
0%
Dobrocin
0%
Dobroń
0%
Dobroszyce
0%
Dobrowoda
0%
Dobrynka
0%
Dobryszyce koło Radomska
0%
Dobrzechów
0%
Dobrzejewice
0%
Dobrzykowice Wrocławskie
0%
Dobrzyń
0%
Dobrzyniewo Duże
0%
Dolice
0%
Dolna Grupa
0%
Dolna Odra
0%
Dolnik
0%
Domaniewice
0%
Domaniewice Centrum
0%
Domanin
0%
Domaszków
0%
Domaszowice
0%
Dominów
0%
Domisław
0%
Dopiewo
0%
Dorohusk
0%
Dragacz
0%
Drawiny
0%
Drawski Młyn
0%
Dreżewo
0%
Drogomyśl
0%
Drużyna Poznańska
0%
Drygały
0%
Drygulec
0%
Drzeńsko
0%
Drzewce
0%
Drzewica
0%
Drzonowo
0%
Drzycim
0%
Drzymałowo
0%
Dubidze
0%
Dubidze Kolonia
0%
Dubielno
0%
Dunowo
0%
Dwory
0%
Dygowo
0%
Dynów
0%
Dytmarów
0%
Działoszyn
0%
Dziembówko
0%
Dziemiany Kaszubskie
0%
Dzietrzniki
0%
Dziewule
0%
Fałkowo
0%
Fasty
0%
Firlus
0%
Fiszewo
0%
Frankowo Wąsk.
0%
Fronołów
0%
Frysztak
0%
Gądki
0%
Gągławki
0%
Gamerki Wielkie
0%
Garbatka-Letnisko
0%
Garczyn
0%
Gardeja
0%
Garki
0%
Garwolin
0%
Gawrony
0%
Gdakowo
0%
Gdańsk Brętowo
0%
Gdańsk Kiełpinek
0%
Gdańsk Kokoszki
0%
Gdańsk Niedźwiednik
0%
Gdańsk Stadion Expo
0%
Gębarzewo
0%
Geniusze
0%
Gierałtów
0%
Gierałtów Wykroty
0%
Gilów
0%
Głębokie Międzyrzeckie
0%
Gliniczek
0%
Gliniszcze
0%
Glinnik Wieś
0%
Gliwice Kuźnica
0%
Głogów Huta
0%
Głogówko
0%
Głogów Wróblin
0%
Głowaczewo
0%
Głowno Północne
0%
Głuchołazy Miasto
0%
Głuchowo
0%
Głuszyno Pomorskie
0%
Gniewczyna
0%
Gniewkowo
0%
Godętowo
0%
Godki
0%
Godków
0%
Gogolewo
0%
Gołąb
0%
Gołaszewo Kujawskie
0%
Golęczewo
0%
Goleniów Park Przemysłowy
0%
Gołubie Kaszubskie
0%
Gomunice
0%
Goniądz
0%
Górażdże
0%
Górka Duchowna
0%
Górki Pomorskie
0%
Gorlice Glinik
0%
Górowo
0%
Gorzanów
0%
Gorzędów
0%
Gorzelin
0%
Gorzkowice
0%
Gorzów Chrzanowski
0%
Gorzów Wielkopolski Karnin
0%
Gorzów Wielkopolski Zamoście
0%
Gorzuchów Kłodzki
0%
Gorzuchowo Chełmińskie
0%
Górzyca Reska
0%
Górzyniec
0%
Gościszewo
0%
Gośniewice
0%
Goświnowice
0%
Goszcza
0%
Goszczowice
0%
Goworowo
0%
Gozdowo
0%
Grabik
0%
Grąblewo
0%
Grabniak
0%
Grabów nad Pilicą
0%
Grabów Szlachecki
0%
Granowiec
0%
Granowo
0%
Grębocice
0%
Grębocin
0%
Gręboszów
0%
Grębów
0%
Gregorowce
0%
Gregorowce Południowe
0%
Grochowiska
0%
Gródek
0%
Grodków Śląski
0%
Grodzie
0%
Grodzisk Mazowiecki Jordanowice
0%
Grodzisk Mazowiecki Okrężna
0%
Grodzisk Mazowiecki Piaskowa
0%
Grodzisko Dolne
0%
Grodziszcze Mazowieckie
0%
Grom
0%
Gromnik
0%
Gronajny
0%
Gronowo Elbląskie
0%
Groszowice Wrzosów
0%
Grotniki
0%
Grudziądz Owczarki
0%
Grudziądz Przedmieście
0%
Grudziądz Śródmieście
0%
Grudziądz Tuszewo
0%
Grupa
0%
Gryfów Śląski
0%
Grylewo
0%
Gryźliny
0%
Grzędzice
0%
Grzęska
0%
Grzybno
0%
Grzywna
0%
Gułtowy
0%
Gutowiec
0%
Gutowo Wielkopolskie
0%
Gwda Mała
0%
Gzin
0%
Hadle Szklarskie
0%
Hartowiec
0%
Hel - Bruno
0%
Hel - Cezar Północny
0%
Hel - Cezar Południowy
0%
Henrykowo
0%
Hołówki Duże
0%
Hordzieżka
0%
Hryniewicze
0%
Hucisko
0%
Hurko
0%
Huta
0%
Huta Komorowska
0%
Iława Miasto
0%
Iłowa Żagańska
0%
Iłowiec
0%
Inwałd
0%
Iwin
0%
Iwiny
0%
Izabelów
0%
Jabłoń Kościelna
0%
Jackowice
0%
Jadachy
0%
Jadwiżyn
0%
Jagodzin
0%
Jakubowice
0%
Jamielnik
0%
Janikowo
0%
Janinów
0%
Jankowa
0%
Jankowa Żagańska
0%
Jankowce
0%
Jankowo Dolne
0%
Jankowo Pomorskie
0%
Janków Przygodzki
0%
Janowice Wielkie
0%
Jarszewo
0%
Jarzębiec
0%
Jasice
0%
Jasienica Dolna
0%
Jasienica Mazowiecka
0%
Jasiona
0%
Jasionna Łowicka
0%
Jaski
0%
Jaśkowice
0%
Jaśkowice Legnickie
0%
Jaślany
0%
Jasło Fabryczne
0%
Jasło Niegłowice
0%
Jastrzębie Pomorskie
0%
Jastrzębna
0%
Jastrzębsko
0%
Jaszczów
0%
Jawiszowice Jaźnik
0%
Jawornik Polski
0%
Jaworzno koło Wielunia
0%
Jazy
0%
Jedlicze
0%
Jedlicze koło Zgierza
0%
Jedlicze Męcinka
0%
Jedlina-Zdrój
0%
Jedlina-Zdrój Borowa
0%
Jedlina-Zdrój Centrum
0%
Jedlnia Kościelna
0%
Jędrzychowice
0%
Jeglia
0%
Jelenia Góra Cieplice
0%
Jelenia Góra Orle
0%
Jelenia Góra Przemysłowa
0%
Jelenia Góra Sobieszów
0%
Jelenia Góra Zabobrze
0%
Jelenia Góra Zachodnia
0%
Jelenino
0%
Jelna
0%
Jeruty
0%
Jerzmanki
0%
Jeżewo
0%
Jezierzany
0%
Jeziorki Wałeckie
0%
Jeżówka
0%
Jonkowo
0%
Józefin
0%
Józefów Roztoczański
0%
Jugowice
0%
Julianka
0%
Justynów
0%
Juszczyn
0%
Kaczorowo
0%
Kaczory
0%
Kaczyce
0%
Kąkolewo
0%
Kalembina
0%
Kaliska
0%
Kaliska Kujawskie
0%
Kalisz Kaszubski
0%
Kaliszki
0%
Kamień Łowicki
0%
Kamień Mały
0%
Kamienna Karczma
0%
Kamienna Nowa
0%
Kamieńsk
0%
Kamionka Wielka
0%
Kamionki Jezioro
0%
Kańczuga
0%
Kanie
0%
Kanie Helenowskie
0%
Kaniów
0%
Karcino
0%
Karnice
0%
Karnkowo
0%
Karolinówka
0%
Karwice
0%
Kawcze
0%
Kawnice
0%
Kazimierówka
0%
Kępa
0%
Kępice
0%
Kępka
0%
Kępno
0%
Kęszyce
0%
Kiekrz
0%
Kielce Ślichowice
0%
Kielce Słowik
0%
Kiełpino Kartuskie
0%
Kietlanka
0%
Kity
0%
Klecza Dolna
0%
Klecza Górna
0%
Klementowice
0%
Klepacze
0%
Klępnica
0%
Kleszczele
0%
Klewki
0%
Kliniska
0%
Kłodzko Zagórze
0%
Kłomnice
0%
Kobylany
0%
Kobylnica
0%
Kobylnica Słupska
0%
Kochanowice
0%
Kochcice-Glinica
0%
Kocik-Młyn
0%
Kojszówka
0%
Kolbuszowa Górna
0%
Kolin
0%
Kolno
0%
Kołobrzeg Radzikowo
0%
Kołobrzeg Stadion
0%
Kołodziejewo
0%
Kolonia
0%
Kolumna
0%
Komańcza Letnisko
0%
Komorowo Żuławskie
0%
Komorów Podmurynia
0%
Kończyce
0%
Kończyce Radomskie
0%
Koniecpol Centrum
0%
Konin Zachód
0%
Konin Żagański
0%
Konojady
0%
Konotopie
0%
Końskowola
0%
Kopalina
0%
Kornatowo
0%
Kornica
0%
Kórnik
0%
Korzenica
0%
Korzybie
0%
Kościernica
0%
Kosina
0%
Kosiorki
0%
Kostów
0%
Kostrzyn Wielkopolski
0%
Koszalin Politechnika
0%
Koszalin Wschodni
0%
Koszewnica
0%
Kotomierz
0%
Kotowo
0%
Kotulin
0%
Kozia Góra
0%
Koziebrody
0%
Koziołek
0%
Koźla Kożuchowska
0%
Koźlice
0%
Kozuby
0%
Krajenka
0%
Kraków Kościelniki
0%
Kraków Lubocza
0%
Kraków Młynówka
0%
Kraków Zakliki
0%
Kraski
0%
Krępa Krajeńska
0%
Krężel
0%
Krężnica Jara
0%
Krojanty
0%
Królewo Malborskie
0%
Krosno Polanka
0%
Krosno Turaszówka
0%
Krosnowa
0%
Krosnowice Kłodzkie
0%
Krostkowo
0%
Kruszyna
0%
Krynka Łukowska
0%
Krzak
0%
Krzcięcice
0%
Krzemienica
0%
Krzemionki
0%
Krzepice
0%
Krzepów
0%
Krzeszna
0%
Krzycko Wielkie
0%
Krzymosze
0%
Krzywda
0%
Krzywin Gryfiński
0%
Krzywizna
0%
Książki
0%
Książno
0%
Księginice
0%
Kubice
0%
Kuleje
0%
Kulesze Kościelne
0%
Kulice Tczewskie
0%
Kulin Kłodzki
0%
Kundzin
0%
Kunice
0%
Kunowice
0%
Kupienino
0%
Kuriany
0%
Kurów Suski
0%
Kursko
0%
Kusięta Nowe
0%
Kwiatki
0%
Kwieciszowice
0%
Lachowice
0%
Lachowice Centrum
0%
Ładzin
0%
Łagów
0%
Łambinowice
0%
Łankiejmy
0%
Laski
0%
Laski Lubuskie
0%
Laski Odrzańskie
0%
Laski Tucholskie
0%
Laskowice Oleskie
0%
Laskownica
0%
Lasocice
0%
Ławica
0%
Łążek
0%
Łaznów
0%
Łebień
0%
Lębork Nowy Świat
0%
Lednogóra
0%
Lędziechowo
0%
Łęgajny
0%
Legnica Strefa
0%
Łęgowo Sulechowskie
0%
Łęka Opatowska
0%
Leluchów
0%
Leńcze
0%
Leokadia
0%
Leopoldów
0%
Lesięcin
0%
Lesiów
0%
Lesko Łukawica
0%
Leśnice
0%
Leśniczówka
0%
Leszno Górne
0%
Leszno Grzybowo
0%
Letnica
0%
Łętownia
0%
Lewickie
0%
Lewin Kłodzki
0%
Lewki
0%
Leźno
0%
Libiąż
0%
Libusza
0%
Ligota Toszecka
0%
Ligowiec
0%
Linkowo
0%
Linowo
0%
Lipa
0%
Lipce Reymontowskie
0%
Lipienica
0%
Lipinki
0%
Lipinki Łużyckie
0%
Lipińskie Małe
0%
Lipka Krajeńska
0%
Lipno Nowe
0%
Lipowa Śląska
0%
Lipowa Tucholska
0%
Lipuska Huta
0%
Lipusz
0%
Lisewo
0%
Lisie Pole
0%
Lisowo
0%
Lizawice
0%
Lniano
0%
Łódź Arturówek
0%
Łódź Lublinek
0%
Łódź Niciarniana
0%
Łódź Olechów Wiadukt
0%
Łódź Retkinia
0%
Łódź Stoki
0%
Łódź Zarzew
0%
Łomnica Dolna
0%
Łomnica Średnia
0%
Łopatki
0%
Łopuchowo
0%
Łopuchowo Osiedle
0%
Łopuszka Mała
0%
Łopuszka Wielka
0%
Łososiowice
0%
Lotyń
0%
Łowczów
0%
Łowczówek Pleśna
0%
Łowicz Przedmieście
0%
Łoźnica
0%
Lubachów
0%
Lubaczów
0%
Lubajny
0%
Lubania-Lipiny
0%
Lubanice
0%
Lubanie
0%
Lubartów Lipowa
0%
Lubartów Słowackiego
0%
Lubaszowa
0%
Łubiana
0%
Lubicz
0%
Lubiewo
0%
Lublin Ponikwoda
0%
Lubomino
0%
Łubowo
0%
Lubycza Królewska
0%
Lubzina
0%
Luciążanka
0%
Ludwikowice Kłodzkie
0%
Ludynia
0%
Ludynia Dwór
0%
Ługi Górzyckie
0%
Łuków Łapiguz
0%
Łuków Śląski
0%
Łuków Zapowiednik
0%
Lusławice
0%
Lutol Suchy
0%
Lutoryż
0%
Łysomice
0%
Machnacz
0%
Majdan
0%
Majdan Królewski
0%
Majdan Królewski Podlasek
0%
Majdan Stuleński
0%
Majewo
0%
Malbork Kałdowo
0%
Malczyce
0%
Małdyty
0%
Małe Gacno
0%
Małogoszcz
0%
Małomice
0%
Małowice Wołowskie
0%
Manasterz
0%
Mańkowice
0%
Marcinkowo
0%
Marcinowice Świdnickie
0%
Marciszów
0%
Markuszowa
0%
Martiany
0%
Marzenin
0%
Matysy
0%
Maziły
0%
Męcikał
0%
Mełno
0%
Metan
0%
Miały
0%
Miąsowa
0%
Miasteczko Krajeńskie
0%
Michalczew
0%
Michałowice
0%
Miedwiecko
0%
Międzyrzec Podlaski
0%
Mienia
0%
Mieroszów
0%
Mierzęcin
0%
Mieszaki
0%
Mika
0%
Mikłasze
0%
Milanówek Grudów
0%
Milcz
0%
Milcza
0%
Milejów
0%
Miłków
0%
Miłkowice
0%
Miłocin Lubelski
0%
Miłogoszcz
0%
Minkowice
0%
Minkowice Oławskie
0%
Mirków
0%
Mirsk
0%
Misie
0%
Mleczewo
0%
Młyńsko
0%
Mnichów
0%
Modła
0%
Modlimowo
0%
Mokra
0%
Mokra Wieś
0%
Mokre
0%
Mokre Małopolskie
0%
Mokrz
0%
Mokrzyca Wielka
0%
Montowo
0%
Morąg
0%
Morąg Kolonia
0%
Mordy Miasto
0%
Morochów
0%
Morze
0%
Morzeszczyn
0%
Morzyca
0%
Moskale
0%
Mostki
0%
Moszczenica
0%
Moszczenica Małopolska
0%
Moszczenica Pomorska
0%
Motycz Leśny
0%
Mroczkowice
0%
Mrozów
0%
Mścice
0%
Mszalnica
0%
Munina
0%
Murowana Goślina
0%
Muszyna Poprad
0%
Mykanów
0%
Mysłaków
0%
Mysłakowice
0%
Mysłakowice Orzeł
0%
Myśliczyn
0%
Mysłowice Brzezinka
0%
Mysłowice Kosztowy
0%
Nadolice Małe
0%
Nadolice Wielkie
0%
Najmowo
0%
Nakło Śląskie
0%
Namyślin
0%
Narewka
0%
Naterki
0%
Nawra
0%
Nekla
0%
Nicwałd
0%
Nida
0%
Niechorze
0%
Niechorze - Latarnia
0%
Niedoradz
0%
Niedrzwica
0%
Niedrzwica Kościelna
0%
Niedzieliska-Kolonia
0%
Niedźwiada Łowicka
0%
Niedźwiedziska
0%
Niedźwiedź Wielkopolski
0%
Niekłonice
0%
Nielep
0%
Niemce
0%
Niemojki
0%
Nieszawa Waganiec
0%
Nietków
0%
Nietkowice
0%
Niewodnica
0%
Nieżychowo
0%
Nikielkowo
0%
Nisko Osiedle
0%
Nisko Podwolina
0%
Nisko Racławice
0%
Niziny
0%
Nosówko
0%
Nowa Brzeźnica
0%
Nowa Grobla
0%
Nowa Ruda Zdrojowisko
0%
Nowa Sarzyna
0%
Nowa Sarzyna Kolonia
0%
Nowa Wieś Cierpkie
0%
Nowa Wieś Ełcka
0%
Nowa Wieś Lęborska
0%
Nowawieś Mochy
0%
Nowe Dębe Wielkie
0%
Nowe Kutnowskie
0%
Nowogard
0%
Nowogród Bobrzański
0%
Nowogród Osiedle
0%
Nowosielce
0%
Nowy Dwór koło Ornety
0%
Nowy Jarosław
0%
Nowy Las
0%
Nowy Młyn
0%
Nowy Nurzec
0%
Nowy Sącz Biegonice
0%
Nowy Sącz Gorzków
0%
Nowy Sącz Jamnica
0%
Nowy Solec
0%
Nowy Świętów
0%
Nowy Widzim
0%
Nurzec
0%
Nysa Wschodnia
0%
Obłaczkowo
0%
Oborzyska Stare
0%
Obrowo
0%
Odolion
0%
Ognica
0%
Ograszka
0%
Ogrodniki
0%
Okmiany
0%
Okrąglica
0%
Okrzeja
0%
Okuninka Białe
0%
Oława Zachodnia
0%
Oleszyce
0%
Olszanica
0%
Olsztyn Gutkowo
0%
Olsztyn Jezioro Ukiel
0%
Olsztyn Likusy
0%
Olsztyn Redykajny
0%
Olszyna Lubańska
0%
Olszyny
0%
Opalenica
0%
Orlanka
0%
Orłowice
0%
Orneta
0%
Orzechowicze
0%
Orzeszków
0%
Orzeszkowo
0%
Osetnica
0%
Osielec
0%
Osina
0%
Osowiec Przystanek
0%
Osowiec Śląski
0%
Ostaszewo Toruńskie
0%
Ostrówek Węgrowski
0%
Ostrowie Biebrzańskie
0%
Ostrowite koło Jabłonowa
0%
Ostrówki koło Chodzieży
0%
Ostrów koło Radymna
0%
Otłoczyn
0%
Otmice
0%
Otmuchów Jezioro
0%
Otoczna
0%
Otomino
0%
Otrębusy
0%
Otusz
0%
Owińska
0%
Ozorków Nowe Miasto
0%
Pabianice Północne
0%
Pacholęta
0%
Paczkowo
0%
Paczyna
0%
Pakosławice
0%
Pałecznica
0%
Palędzie
0%
Pamiątkowo
0%
Panki
0%
Panowice
0%
Papowo Toruńskie
0%
Paprotno
0%
Parczew
0%
Parczew Kolejowa
0%
Parkowo
0%
Parlin
0%
Parłówko
0%
Pasieki
0%
Pasikurowice
0%
Pasłęk
0%
Pasym
0%
Patków
0%
Pątnów Wieluński
0%
Patrzyków
0%
Pawłów Wielkopolski
0%
Pęckowo
0%
Pęgów
0%
Pełkinie
0%
Pępowo Kartuskie
0%
Perkowice
0%
Perkowo
0%
Petrykozy
0%
Pewel Mała
0%
Pewel Wielka
0%
Pewel Wielka Centrum
0%
Pęzino
0%
Piastoszyn
0%
Piechowice
0%
Piechowice Dolne
0%
Piekoszów Łaziska
0%
Pieniężno
0%
Pieńsk
0%
Pierwoszów Miłocin
0%
Pierzchno
0%
Pierzyska
0%
Piesienice
0%
Pietrzykowice Żywieckie
0%
Pikus
0%
Piła Fabryczna
0%
Piła Kalina
0%
Piła Podlasie
0%
Pilchów
0%
Pinczyn
0%
Pisary
0%
Pisz Wschodni
0%
Platerów
0%
Pławna
0%
Płociczno koło Suwałk
0%
Płock Radziwie
0%
Płock Trzepowo
0%
Płytnica
0%
Pobiedziska
0%
Pobiedziska Letnisko
0%
Pobórka Wielka
0%
Podbiele
0%
Podbór
0%
Podborsko
0%
Podbory Skawińskie
0%
Podchojny
0%
Podlasek
0%
Podlesie
0%
Podlesiec
0%
Podolany
0%
Podstolice
0%
Podwierzbie
0%
Podzamcze
0%
Pogorzelica
0%
Pogorzelica Sandra
0%
Pogorzelice
0%
Pogorzel Warszawska
0%
Pogorzel Wielka
0%
Pokrzywnica
0%
Polana Jakuszycka
0%
Polesie
0%
Polichna Kraśnicka
0%
Policko
0%
Policzna
0%
Polna
0%
Półwieś
0%
Popiele
0%
Popowo Skwierzyńskie
0%
Porażyn
0%
Porosiuki
0%
Port Lotniczy Szczecin Goleniów
0%
Potok
0%
Potok Kraśnicki
0%
Powałki
0%
Powodowo
0%
Powroźnik
0%
Poznań Antoninek
0%
Poznań Dębiec
0%
Poznań Dębina
0%
Poznań Górczyn
0%
Poznań Junikowo
0%
Poznań Karolin
0%
Poznań Krzesiny
0%
Poznań Podolany
0%
Poznań Starołęka
0%
Poznań Strzeszyn
0%
Poznań Wola
0%
Prabuty Góry
0%
Proboszczewice Płockie
0%
Promno
0%
Proszówka
0%
Pruszcz Pomorski
0%
Przebędowo
0%
Przeciszów
0%
Przemyśl Bakończyce
0%
Przemyśl Pikulice
0%
Przemyśl Wschodni
0%
Przeradz
0%
Przeworsk Wąski
0%
Przybówka
0%
Przybyłowice
0%
Przygodzice
0%
Przyłęk Duży
0%
Przyłubie
0%
Przysieczyn
0%
Przysieka Stara
0%
Przysieki
0%
Przytocko
0%
Przywory Opolskie
0%
Pstroszyce
0%
Pszczew
0%
Ptaszkowo
0%
Ptusza
0%
Pułankowice
0%
Puławy Chemia
0%
Pustków
0%
Pustków Żurawski
0%
Pyzówka
0%
Rąbino
0%
Racewo
0%
Raciąż
0%
Raciborów Kutnowski
0%
Racibory
0%
Racławice Śląskie
0%
Racławki
0%
Radkowice
0%
Radnica
0%
Radom Stara Wola
0%
Radomyśl
0%
Radów
0%
Raduń
0%
Radziszewo
0%
Radziszów
0%
Radziszów Centrum
0%
Rajcza
0%
Rajcza Centrum
0%
Rajec Poduchowny
0%
Rajsk
0%
Rakoniewice
0%
Rakowice
0%
Ramiszów
0%
Raszówka
0%
Rębiechowo
0%
Rębiszów
0%
Reblino
0%
Rębusz
0%
Recław
0%
Recz Pomorski
0%
Redaki
0%
Repczyce
0%
Reptowo
0%
Rogiedle
0%
Rogów Sobócki
0%
Rogożew
0%
Rogóżno koło Łańcuta
0%
Rogóźno Pomorskie
0%
Rokiciny Podhalańskie
0%
Rokietnica
0%
Rokita
0%
Rokitki
0%
Rokitki Tczewskie
0%
Rokitnia Stara
0%
Ropczyce Witkowice
0%
Rosochatka
0%
Rostarzewo
0%
Roszkowo Wągrowieckie
0%
Roszków Raciborski
0%
Różanystok
0%
Rożdżały
0%
Rozedranka
0%
Rożki
0%
Rożnowo
0%
Roztoki Bystrzyckie
0%
Ruchocice
0%
Ruciane-Nida
0%
Ruciane-Nida Zachód
0%
Ruda Białaczowska
0%
Ruda-Huta
0%
Ruda-Opalin
0%
Ruda Talubska
0%
Rudawa
0%
Ruda Wielka
0%
Rudna Gwizdanów
0%
Rudna Miasto
0%
Rudnik
0%
Rudniki koło Częstochowy
0%
Rudniki Koło Częstochowy
0%
Rudnik nad Sanem
0%
Rudnik Stróża
0%
Rudzienice Suskie
0%
Runowo
0%
Runowo Pomorskie
0%
Rurka
0%
Rusiec Łódzki
0%
Rusinowice
0%
Ruszów
0%
Rutkowice
0%
Rutwica
0%
Rybno Pomorskie
0%
Rybokarty
0%
Rycerka
0%
Rychnowo Wielkie
0%
Ryczów
0%
Ryjewo
0%
Rykoszyn
0%
Rynarcice
0%
Rytel
0%
Rytel Wieś
0%
Rząsawa
0%
Rzeczyca
0%
Rzeczyca-Kolonia
0%
Rzemień
0%
Rzepedź
0%
Rzepin Miasto
0%
Rzerzęczyce
0%
Rzęśnica
0%
Rzeszotary
0%
Rzeszów Osiedle
0%
Rzeszów Pobitno
0%
Rzeszów Politechnika
0%
Rzeszów Staromieście
0%
Rzeszów Załęże
0%
Rzeszów Zwięczyca
0%
Rzezawa
0%
Rzozów
0%
Rzozów Centrum
0%
Sabinka
0%
Sadlinki
0%
Sadowice Wrocławskie
0%
Sadowne Węgrowskie
0%
Sadurki
0%
Samborowo
0%
Samostrzel
0%
Sanok Dąbrówka
0%
Sarbiewo
0%
Sarnaki
0%
Sarnów
0%
Sątopy
0%
Sątopy-Samulewo
0%
Ścinawka Średnia
0%
Sędzisław
0%
Sędziszów Małopolski Wschodni
0%
Sidra
0%
Siedlce Łaskie
0%
Siedlce Wschodnie
0%
Siedlce Zachodnie
0%
Siedlec Trzebnicki
0%
Siedliska koło Tuchowa
0%
Siedliska Tomaszowskie
0%
Siedlisko Czarnkowskie
0%
Siemianice
0%
Siemianówka
0%
Sieniawa
0%
Sieniawa Żarska
0%
Siepietnica
0%
Sierakówek
0%
Sierakowice Skierniewickie
0%
Sieraków Śląski
0%
Sierpów
0%
Silno
0%
Silnowo
0%
Sińczyca
0%
Sitno
0%
Sitowa
0%
Skalmierz
0%
Skawina Zachodnia
0%
Skępe
0%
Skibno
0%
Sklęczki
0%
Skoczów Bładnice
0%
Skoki
0%
Skoki-Borowa
0%
Skołyszyn
0%
Skórka
0%
Skoroszyce
0%
Skorzewo
0%
Skowarcz
0%
Skrzynki
0%
Skrzynno
0%
Sława Wielkopolska
0%
Sławięcice
0%
Sławki
0%
Ślesin
0%
Śliwice
0%
Śliwiczki
0%
Śliwin
0%
Słomianka
0%
Słone
0%
Słonice
0%
Słonowice
0%
Słosinko
0%
Słowienkowo
0%
Słupca
0%
Słupia
0%
Smardy
0%
Smardzew
0%
Smardzów Wrocławski
0%
Smogorzów Przysuski
0%
Smolec
0%
Smolniki
0%
Smroków
0%
Sobibór
0%
Sobków
0%
Sobolew
0%
Sobów
0%
Sochaczew Miasto
0%
Sochaczew Muzeum
0%
Sokole Białostockie
0%
Sokoliniec
0%
Sokołowo Budzyńskie
0%
Sokoły
0%
Sokule
0%
Solniki Wielkie
0%
Sołtyków
0%
Somonino
0%
Sośnica Jarosławska
0%
Sośnie Ostrowskie
0%
Sosnowiec Maczki
0%
Sowczyce
0%
Sowin
0%
Spławie
0%
Spytkowice
0%
Spytkowice Kępki
0%
Stacja dolna
0%
Stacja górna
0%
Stalowa Wola Charzewice
0%
Stanowice
0%
Stara Kamienica
0%
Stara Łubianka
0%
Stara Piła
0%
Starczów
0%
Stare Berezowo
0%
Stare Bielice
0%
Stare Bojanowo
0%
Stare Drzewce
0%
Stare Grudze
0%
Stare Guty
0%
Stare Jabłonki
0%
Stare Kurowo
0%
Stare Olesno
0%
Stare Pole
0%
Starkowo
0%
Staropole Częstochowskie
0%
Stary Borek
0%
Stary Broniszew
0%
Stary Cykarzew
0%
Stary Garbów
0%
Stary Grodków
0%
Stary Jawor
0%
Stary Klukom
0%
Stary Węgliniec
0%
Stary Wielisław
0%
Stasin Polny
0%
Stawiany Pińczowskie
0%
Stawiguda
0%
Stefanowo
0%
Stegna Gdańska
0%
Steknica
0%
Sterławki Małe
0%
Sterławki Wielkie
0%
Stęszew
0%
Stobno
0%
Stogi Malborskie
0%
Stok Lacki
0%
Strabla
0%
Strączno
0%
Stramnica
0%
Strażów
0%
Stronie
0%
Stronno
0%
Stryków
0%
Strykowo Poznańskie
0%
Stryszawa
0%
Stryszów
0%
Strzałkowo
0%
Strzebielewo
0%
Strzelce Kujawskie
0%
Strzelce Świdnickie
0%
Strzelinko
0%
Strzyżów Zachodni
0%
Strzyżyna
0%
Strzyżyno Słupskie
0%
Studniska
0%
Studzianka
0%
Stulno
0%
Subkowy
0%
Subkowy Centrum
0%
Suchatówka
0%
Suchowolce
0%
Suchy Bór Opolski
0%
Sulęcinek
0%
Sulino
0%
Suliszewo Drawskie
0%
Sułkowice
0%
Sulów
0%
Surochów
0%
Susiec
0%
Susk
0%
Suszka
0%
Swarożyn
0%
Swędów
0%
Świdnica Zawiszów
0%
Świdwin Zamek
0%
Świekatowo
0%
Świerki Dolne
0%
Świętajno
0%
Świlcza
0%
Świnoujście Przytór
0%
Swobodna
0%
Sycewice
0%
Sycze
0%
Szachy
0%
Szadkowice
0%
Szaflary Centrum
0%
Szałamaje
0%
Szalowa
0%
Szamotuły
0%
Szaniawy
0%
Szarów
0%
Szastarka
0%
Szczaniec
0%
Szczawne Kulaszne
0%
Szczawno-Ciemnice
0%
Szczecin Dunikowo
0%
Szczecin Gumieńce
0%
Szczecin Podjuchy
0%
Szczecin Trzebusz
0%
Szczecin Załom
0%
Szczecin Zdroje
0%
Szczecin Zdunowo
0%
Szczecin Żydowce
0%
Szczedrzykowice
0%
Szczepki
0%
Szczukowskie Górki
0%
Szebnie
0%
Szeroki Bór
0%
Szewce
0%
Szewnica
0%
Szklarska Poręba Huta
0%
Szklary
0%
Szklary Tunel
0%
Szlachta
0%
Szpęgawsk
0%
Szreniawa
0%
Sztumska Wieś
0%
Szulborze Wielkie
0%
Szybowice
0%
Szydłów Centrum
0%
Szydłowo Krajeńskie
0%
Szymankowo
0%
Szymbory
0%
Szymiszów
0%
Szymocice
0%
Tarło
0%
Tarnawa Dolna
0%
Tarnowiec
0%
Tarnowiec Brzeski
0%
Tarnów Opolski
0%
Tarnowo Pomorskie
0%
Tarnowo Rogozińskie
0%
Tarnowska Wola
0%
Tarzymiechy
0%
Templewo
0%
Terespol Pomorski
0%
Tereszpol Biłgorajski
0%
Tleń
0%
Tłoki
0%
Tołkiny
0%
Tomaszów Bolesławiecki
0%
Tomaszówek
0%
Tomaszów Mazowiecki Białobrzegi
0%
Toporów
0%
Toruń Czerniewice
0%
Torzym
0%
Toszek
0%
Trąbki
0%
Troszyn
0%
Tryńcza
0%
Trypucie
0%
Trzciana
0%
Trzcińsko
0%
Trzebaw Rosnówko
0%
Trzebiszewo
0%
Trzeciewnica
0%
Trzemeszno
0%
Trzęsacz
0%
Tuchola Rudzki Most
0%
Tuchorza
0%
Tuczki
0%
Tuczno Krajeńskie
0%
Tułowice Sochaczewskie
0%
Tuplice
0%
Tuplice Dębinka
0%
Turbia
0%
Turza Wielka
0%
Turzno
0%
Turzno Kujawskie
0%
Turzynów
0%
Tuszów Narodowy
0%
Tuszyma
0%
Twarda Góra
0%
Twardawa
0%
Twardogóra
0%
Tychy Zachodnie
0%
Tymień
0%
Ubocze
0%
Uherce Tunel
0%
Uhowo
0%
Uhrusk
0%
Uhrusk Przystanek
0%
Ulikowo
0%
Unieszewo
0%
Unisław Śląski
0%
Urle
0%
Urzejowice
0%
Ustanówek
0%
Ustjanowa
0%
Ustroń Brzegi
0%
Ustronie Morskie
0%
Ustrzesz
0%
Wąbrzeźno
0%
Wadowice Osiedle Podhalanin
0%
Wągry
0%
Walawa
0%
Wałbrzych Fabryczny
0%
Wałcz Raduń
0%
Wałdowo Szlacheckie
0%
Waliły
0%
Wałowice
0%
Wandzin
0%
Waplewo
0%
Wargowo
0%
Warka Miasto
0%
Warkocz
0%
Warlubie
0%
Warnowo
0%
Warząchewka
0%
Wasilków
0%
Wąsosz Konecki
0%
Ważne Młyny
0%
Węgierska Górka
0%
Węgorzyno
0%
Wężyska
0%
Widacz
0%
Widełka
0%
Widuchowa
0%
Widzino
0%
Widzów Teklinów
0%
Więcławice
0%
Wiekowo
0%
Wielanowo
0%
Wieleń
0%
Wielkie Drogi
0%
Wielowieś
0%
Wierna Rzeka
0%
Wieruszów Miasto
0%
Wierzawice
0%
Wierzbica Górna
0%
Wierzbice
0%
Wierzbno
0%
Wierzbowa Śląska
0%
Wierzchosławice
0%
Wierzchowo Człuchowskie
0%
Wierzchucin Stary
0%
Wietrzychowo
0%
Wiewiecko
0%
Wieżyca
0%
Wiktorowo
0%
Wilcze Tułowskie
0%
Wilczyska
0%
Wilkasy Niegocin
0%
Wilkołaz
0%
Wilkołaz Wieś
0%
Wilkoszewice
0%
Wilków Namysłowski
0%
Wilkowo Świebodzińskie
0%
Wipsowo
0%
Wisła Dziechcinka
0%
Wisłoczanka
0%
Wiśniowa
0%
Wistka
0%
Witkowo
0%
Witków Śląski
0%
Witnica Chojeńska
0%
Witonia
0%
Witowo
0%
Wkra
0%
Włocławek Zazamcze
0%
Włosienica
0%
Włostowo
0%
Włoszakowice
0%
Wojanów
0%
Wojaszówka
0%
Wójcice
0%
Wojnowice Wielkopolskie
0%
Wola Bierwiecka
0%
Wola Łużańska
0%
Wolanów
0%
Wola Radziszowska
0%
Wola Radziszowska Lipki
0%
Wola Rowska
0%
Wolbórka
0%
Wolbrom Zachodni
0%
Wólka Kańska
0%
Wólka Niedzieliska
0%
Wólka Orłowska
0%
Wólka Ratowiecka
0%
Wołowno
0%
Worowo
0%
Woszczele
0%
Wróblik Szlachecki
0%
Wrocławki
0%
Wrocław Kowale
0%
Wrocław Osobowice
0%
Wrocław Popiele
0%
Wrocław Wojszyce
0%
Wroniawy
0%
Wronki
0%
Wronki Zamość
0%
Wrząca Pomorska
0%
Wrzeście
0%
Wrześnica
0%
Wrzosów
0%
Wrzosowo
0%
Wudzyn
0%
Wydartowo
0%
Wykno
0%
Wysoczany
0%
Wysoka Braniewska
0%
Wyszków Śląski
0%
Wyszomierz
0%
Zabieżki
0%
Żabiny
0%
Żabi Róg
0%
Żabno koło Chojnic
0%
Zaborów
0%
Zaborów Błonia
0%
Zaborze
0%
Żabowo
0%
Ząbrowo
0%
Zagajnik
0%
Zagórze
0%
Zagórze Śląskie
0%
Zagościniec
0%
Zagrody
0%
Zagrody Kościół
0%
Zajączkowo Lubawskie
0%
Zajezierce
0%
Zajezierze koło Dęblina
0%
Zaklików
0%
Zaklików Miasto
0%
Zakrzewo Złotowskie
0%
Zakrzów Kotowice
0%
Zalesie Górne
0%
Zalesie Krasieńskie
0%
Żalno
0%
Załuż
0%
Zamek Bulowicki
0%
Zaosie
0%
Zaręba
0%
Zarębki
0%
Zaręby Kościelne
0%
Żarnowa
0%
Zarośle
0%
Zarszyn
0%
Żary Kunice
0%
Żary Muzyków
0%
Zastocze
0%
Zawadówka
0%
Zawidz
0%
Zawidz Kościelny
0%
Zbąszyń Przedmieście
0%
Zblewo
0%
Zbydniów
0%
Zdrody Nowe
0%
Zebrzydowa
0%
Żednia
0%
Zelczyna
0%
Żelisławice
0%
Żelisławie Pomorskie
0%
Zembrzyce
0%
Zgierz Jaracza
0%
Zgierz Rudunki
0%
Zieleń
0%
Zielona Góra Nowy Kisielin
0%
Zielona Góra Przylep
0%
Zielona Góra Stary Kisielin
0%
Zielonczyn
0%
Zielone Wzgórza
0%
Zielonka Pasłęcka
0%
Zielonka Pomorska
0%
Ziemomyśl
0%
Zimnochy
0%
Złocieniec
0%
Złojec
0%
Złotkowo
0%
Złotniki Grzybowe
0%
Złotniki Kutnowskie
0%
Żółtnica
0%
Żółwino
0%
Żórawina
0%
Zosinów
0%
Zubrzyk
0%
Żugienie
0%
Żukowo Zachodnie
0%
Żuławka Główna
0%
Żuławka Kurort Letni
0%
Żulin
0%
Żurawica Osobowa
0%
Żurawica Rozrządowa
0%
Żurawnica
0%
Życzyn
0%
Zygmuntów
0%
Zygmuntowo Mazowieckie
0%
Żytkowice
0%
Nie znaleziono quizów pasujących do podanych kryteriów
Rozkład punktacji
Procent ludzi z każdym wynikiem
Percentyl według liczby udzielonych odpowiedzi
Twoja historia wyników
Nie rozwiązałeś tego quizu